CHile: los resultados de la politica agragria de la junta militar
Guardado en:
| Formato: | Texto |
|---|---|
| Materias: | |
| Etiquetas: |
Agregar Etiqueta
Sin Etiquetas, Sea el primero en etiquetar este registro!
|
MARC
| LEADER | 00000 a a2200000 04500 | ||
|---|---|---|---|
| 001 | 41783 | ||
| 003 | |||
| 040 | |||
| 245 | |a CHile: |b los resultados de la politica agragria de la junta militar | ||
| 650 | |a REFORMA AGRARIA | ||
| 650 | |a CHILE | ||
| 650 | |a GOLPES DE ESTADO | ||
| 773 | |g número5 (1977) | ||
| 999 | |c 21471 |d 21471 | ||
| 773 | 0 | |0 42391 |9 3920 |a Agencia Latinoamericana de Información, ALAI |d Quito, Ecuador: ALAI |o 04251 |t ALAI: |x 08275564 (Servicio mensual de información y documentación) | |
